Európske a slovenské poisťovníctvo na prelome tisícročia
Vývoj poistných trhov na prelome tisícročia a dedukcia možného vývoja v najbližších rokoch. Posudzovanie vývoja v jednotlivých skupinách poistenia. Porovnávanie výsledkov v krajinách Európskej únie. Dynamika poistného trhu v Slovenskej republike. Situácia v koncentrácii trhu v jednotlivých krajinách...
Enregistré dans:
| Auteur principal: | |
|---|---|
| Format: | Chapitre de livre |
| Langue: | slovaque |
| Sujets: | |
| Tags: |
Pas de tags, Soyez le premier à ajouter un tag!
|
MARC
| LEADER | 00000naa a2200000 4500 | ||
|---|---|---|---|
| 001 | r036896 | ||
| 005 | 20230918102401.7 | ||
| 041 | 0 | |a slo | |
| 044 | |a SK | ||
| 245 | 1 | 0 | |a Európske a slovenské poisťovníctvo na prelome tisícročia |c Pavel Chovan |
| 520 | |a Vývoj poistných trhov na prelome tisícročia a dedukcia možného vývoja v najbližších rokoch. Posudzovanie vývoja v jednotlivých skupinách poistenia. Porovnávanie výsledkov v krajinách Európskej únie. Dynamika poistného trhu v Slovenskej republike. Situácia v koncentrácii trhu v jednotlivých krajinách Európy. | ||
| 610 | 2 | 0 | |a trh poistný |
| 610 | 2 | 0 | |a poisťovníctvo |
| 610 | 2 | 0 | |a Európska únia |
| 610 | 2 | 0 | |a Slovensko |
| 610 | 2 | 0 | |a údaje štatistické medzinárodné |
| 610 | 2 | 0 | |a poistné |
| 610 | 2 | 0 | |a globalizácia |
| 610 | 2 | 0 | |a krajiny vyspelé |
| 610 | 2 | 0 | |a 1995-1999 |
| 100 | 1 | |a Chovan, Pavel | |